000 00463nam a2200181Ia 4500
001 19308
005 20260306172643.0
008 260306t2015||||xx |||||||||||||| ||spa||
041 _aESP
082 _a658.83
_bP21
100 _aPalomares Borja, Ricardo
_eAUT
245 0 _aMerchandising:
_bauditoría de marketing en el punto de venta
260 _c2015
300 _a486 páginas :
_c24 cm.
650 _aGEN
654 _aCAN
942 _cLIB
_dJUS
_fJUS
_2ddc
_n
999 _c19308
_d19308